Giải tích 2 + 3: Phép tính vi phân và tích phân của hàm nhiều biến : Dùng cho sinh viên kỹ thuật: cao đẳng, đại học, sau đại học
Nội dung bao gồm các vấn đề cơ bản và quan trọng nhất của toán học cao cấp: phép tính vi phân của hàm một biến và nhiều biến, phép tính tích phân của hàm một biến và nhiều biến, giải tích vecteur, hình học vi phân, phương trình vi phân, chuô...
محفوظ في:
| المؤلف الرئيسي: | |
|---|---|
| التنسيق: | كتاب |
| اللغة: | Undetermined |
| منشور في: |
Hà Nội
Khoa học và Kỹ thuật
2007
|
| الموضوعات: | |
| الوسوم: |
إضافة وسم
لا توجد وسوم, كن أول من يضع وسما على هذه التسجيلة!
|
| Thư viện lưu trữ: | Trung tâm Học liệu Trường Đại học Cần Thơ |
|---|
| LEADER | 01236nam a2200217Ia 4500 | ||
|---|---|---|---|
| 001 | CTU_142885 | ||
| 008 | 210402s9999 xx 000 0 und d | ||
| 020 | |c 65000 | ||
| 082 | |a 515 | ||
| 082 | |b B312 | ||
| 100 | |a Trần, Bình | ||
| 245 | 0 | |a Giải tích 2 + 3: Phép tính vi phân và tích phân của hàm nhiều biến : | |
| 245 | 0 | |b Dùng cho sinh viên kỹ thuật: cao đẳng, đại học, sau đại học | |
| 245 | 0 | |c Trần Bình | |
| 260 | |a Hà Nội | ||
| 260 | |b Khoa học và Kỹ thuật | ||
| 260 | |c 2007 | ||
| 520 | |a Nội dung bao gồm các vấn đề cơ bản và quan trọng nhất của toán học cao cấp: phép tính vi phân của hàm một biến và nhiều biến, phép tính tích phân của hàm một biến và nhiều biến, giải tích vecteur, hình học vi phân, phương trình vi phân, chuỗi hàm, chuỗi Fourier và tích phân Fourier | ||
| 650 | |a Differential calculus,Calculus, integral,Functions,Functions of complex variables,Mathematical analysis,Phép tính vi phân,Tích phân | ||
| 904 | |i Qhieu | ||
| 980 | |a Trung tâm Học liệu Trường Đại học Cần Thơ | ||